1373 1539 1335 1576 1094 1115 1723 1378 1912 1182 1874 1500 1041 1583 1669 1945 1220 1295 1675 1581 1177 1130 1092 1181 1176 1640 1877 1576 1783 1983 1457 1495 1411 1233 1662 1856 1511 1739 1496 1608 1284 1722 1386 1078 1457 1622 1990 1591 1907 1487 1639 1408 1330 1754 1067 1498 1609 1512 1517 1164 1653 1888 1903 1042 1303 1378 1873 1092 1933 1027 1208 1351 1745 1812 1455 1235 1763 1750 1602 1474 1322 1848 1638 1396 1787 1571 1950 1813 1787 1957 1600 1349 1315 1027 1892 1823 1355 1408 1610 BCNSPRNW ULIB Ver.6.0+V

เปลี่ยนเป็นภาษาไทย

Change to English
 แสดงรายละเอียดบรรณานุกรม
  กลับหน้าหลัก

Brief Record : Get Marc (ISO 2709) : E-mail record : QR code < ปิดหน้าต่าง
LEADER : 00000nam 2200000uu 4500
001    13399120865
003     ULIB
008    051227s2546 th a 000 0 tha d
020    ^a9744652187
050  4 ^aCS^bก111ก 2546
245 00 ^aกินตามแม่ /^cกระทรวงสาธารณสุข
250    ^aพิมพ์ครั้งที่ 3
260    ^aนนทบุรี :^bกระทรวงสาธารณสุข,^c2546
300    ^a128 หน้า :^bภาพประกอบสี ;^c16x22 ซม.
500    ^aSend to Single Search
600 04 ^aสิริกิติ์ พระบรมราชินีนาถ,^cสมเด็จพระนางเจ้า,^d2475-
650  4 ^aการปรุงอาหาร
650  4 ^aโภชนาการ
650  4 ^aอาหารไทย
700 0  ^aกระทรวงสาธารณสุข
945    ^p0^l0^i13944
945    ^p0^l0^i13945
995    ^aกัณชพร
999    ^aกัณชพร
รายการนี้ยังไม่มีแท็ก
คุณยังไม่ได้ล็อกอิน คุณสามารถมีกิจกรรมร่วมกับเว็บไซต์ได้ แต่ต้องล็อกอินก่อน ::
  ล็อกอิน

รายการสื่อสารสนเทศ

ลำดับที่ ประเภท เลขเรียก/บาร์โค้ด สถานที่ สถานะ
1. วิทยาศาสตร์การแพทย์ และสุขภาพ
วิทยาศาสตร์การแพทย์ และสุขภาพ
CS ก111ก 2546  
  Barcode: 13944
ห้องสมุดวิทยาเขตสวรรค์ประชารักษ์
►หนังสือทั่วไป
บนชั้น
2. วิทยาศาสตร์การแพทย์ และสุขภาพ
วิทยาศาสตร์การแพทย์ และสุขภาพ
CS ก111ก 2546 ฉ.2 
  Barcode: 13945
ห้องสมุดวิทยาเขตสวรรค์ประชารักษ์
►หนังสือทั่วไป
บนชั้น

รายการใกล้เคียง
    หัวเรื่อง [การปรุงอาหาร]
    หัวเรื่อง [โภชนาการ]
    หัวเรื่อง [อาหารไทย]

BibComment


ยังไม่เคยถูกคอมเมนท์

คอมเมนท์ทรัพยากรรายการนี้
  คอมเมนท์: กินตามแม่ กระทร..


 Copyright 2026. Bcnsprnw @Library